Statistics for In Rainbows-Radiohead-Tracks

Click here to take the quiz!

General Stats

  • This quiz has been taken 64 times
  • The average score is 9 of 10

Answer Stats

% Correct
Nude
98%
Videotape
98%
15 Step
96%
Jigsaw Falling Into Place
93%
Reckoner
93%
Weird Fishes/Arpeggi
93%
Bodysnatchers
91%
All I Need
85%
House of Cards
83%
Faust Arp
76%

Score Distribution

Percentile by Number Answered

Percent of People with Each Score

Your Score History

You have not taken this quiz